| 000 | 00000nam##2200000za#4500 |
| 001 | 9.611287 |
| 003 | CaOODSP |
| 005 | 20230202144024 |
| 007 | ta |
| 008 | 150406|1994||||xxc||||| f|0| 0 eng|d |
| 020 | |a0-662-22361-6 |
| 040 | |aCaOODSP|beng |
| 043 | |an-cn--- |
| 086 | 1 |aH72-22/14-1994E |
| 110 | 2 |aNational Clearinghouse on Family Violence (Canada). |
| 245 | 10|aFamily violence and substance abuse / |cPrepared by Colin Campbell and Julie Devon Dodd. |
| 260 | |aOttawa - Ontario : |bHealth Canada. |c1994. |
| 300 | |a10p. : |breferences ; |c28 cm. |
| 490 | 1 |aInformation from the National Clearinghouse on Family Violence |
| 500 | |a"The goal of this fact sheet is to provide some basic ideas for understanding the connection between family violence and substance abuse."--Page 1. |
| 520 | 3 |aThe goal of this fact sheet is to provide some basic ideas for understanding the connection between family violence and substance abuse.--Page 1 |
| 590 | |a94-35|b1994-09-02 |
| 690 | 07|aFamily violence|2gcpds |
| 690 | 07|aAlcohol consumption|2gcpds |
| 690 | 07|aDrug addiction|2gcpds |
| 720 | 1 |aCampbell, Colin |
| 720 | 1 |aDevon Dodd, Julie |
| 776 | 0#|tFamily violence and substance abuse / |w(CaOODSP)9.572655 |
| 830 | #0|aInformation from the National Clearinghouse on Family Violence.|w(CaOODSP)9.514740 |